| 000 | 01003 a2200313 4500 | ||
|---|---|---|---|
| 001 | 200419162 | ||
| 999 |
_c200419162 _d37927 |
||
| 003 | TR-AnTOB | ||
| 005 | 20230518145906.0 | ||
| 008 | 140319s tu 000 0 | ||
| 020 | _a9789751958839 | ||
| 040 |
_aTR-AnTOB _btur _erda |
||
| 041 | _atur | ||
| 050 | 0 | 0 |
_aHD2891.93.A1 _bY55 2010 |
| 090 | _aHD2891.93 .A1 Y55 2010 | ||
| 110 | 1 |
_aDenizli Ticaret Odası _967358 |
|
| 245 | 1 | 0 |
_aYıllık iş istatistikleri 2010 = _bAnnual business statistics 2010 / _cTUİK. |
| 246 | _aAnnual business statistics 2010 | ||
| 264 |
_aAnkara: _bTÜİK, _c2013 |
||
| 300 |
_aXL, 163 s. : _btbl., grf. ; _c27 cm. |
||
| 336 |
_atext _2rdacontent |
||
| 337 |
_aunmediated _2rdamedia |
||
| 338 |
_avolume _2rdacarrier |
||
| 650 | 0 | 0 |
_aŞirketler _zTürkiye _vİstatistikler _934558 |
| 650 | 0 | 0 |
_aCorporations _zTurkey _vStatistics _934559 |
| 650 | 0 | 0 |
_aBusiness enterprises _zTurkey _vStatistics _997051 |
| 650 | 0 | 0 |
_aTicari teşebbüsler _zTürkiye _vİstatistik _997052 |
| 942 | _cBK | ||